| 000 | 00000nam##2200000za#4500 |
| 001 | 9.700188 |
| 003 | CaOODSP |
| 005 | 20210625000724 |
| 007 | cr ||||||||||| |
| 008 | 150407|1993||||xxc|||||o f|0| 0 eng|d |
| 040 | |aCaOODSP|beng |
| 043 | |an-cn--- |
| 086 | 1 |aPS4-190/1993E-PDF |
| 110 | 1 |aCanada.|bEmergency Preparedness Canada. |
| 245 | 13|aAn interface program for the Canada/United States Transborder Agreements Database / |h[electronic resource]|cby M. Provencher, Evaluation and Analysis. |
| 260 | |aOttawa - Ontario : |bEmergency Preparedness Canada |cJune 1993. |
| 300 | |a37p.|bfigs., tables |
| 500 | |a"Technical Report 93-1". |
| 504 | |aBibliography. |
| 590 | |a14-22-Supp|b2014-12-24 |
| 690 | 07|aDatabases|2gcpds |
| 690 | 07|aDisasters|2gcpds |
| 690 | 07|aInternational agreements|2gcpds |
| 856 | 40|ahttp://publications.gc.ca|qPDF|s1.23 MB|uhttps://publications.gc.ca/collections/collection_2014/sp-ps/PS4-190-1993-eng.pdf |